| 000 | 01307naa a2200253 4500 | ||
|---|---|---|---|
| 005 | 20191224042336.0 | ||
| 008 | 170922s2006 ck |||||r|||| 10| 0 spa d | ||
| 040 |
_aCO-BoIAVH _cCO-BoIAVH |
||
| 041 | 0 | _aspa | |
| 044 | _ack | ||
| 100 | 1 |
_aBarrios Leal, Dora Yovana _eautora _95083 |
|
| 245 | 1 | 0 | _aEvaluación genética de los bosques de roble (Quercus humboldti Bonpl.) en los municipios de Filandia y Salento, Quindío, utilizando la técnica de microsatelites / |
| 260 |
_aBogotá (Colombia) : _bFundación Natura : _bPontificia Universidad Javeriana, _c2006. |
||
| 300 | _ap | ||
| 520 | _aLos bosques del norte de los Andes guardan gran biodiversidad y endemismo; sinembargo, una de las grandes amenazas para la biodiversidad en la zona andina es la pérdida de habitat. | ||
| 650 | 2 | 4 |
_aBosques de roble _919745 |
| 650 | 2 | 4 |
_aQuercus Humboldtii Bonpl _965134 |
| 651 |
_aQuindío (Colombia) _zFilandia _zSalento _985356 |
||
| 700 | 1 |
_aVargas, William G. _eautor _94907 |
|
| 700 | 1 |
_aLozano, Fabio H. _eautor _92482 |
|
| 700 | 1 |
_aPalacio Mejia, Juan Diego _eautor _94961 |
|
| 773 | 0 |
_aMemorias : I Simposio Internacional de Roble y Ecosistemas Asociados _dBogotá : Fundación Natura : Pontificia Universidad Javeriana, 2006. _o026974 _z9789589804018 _gpáginas 29-48 _06819 _910771 |
|
| 942 |
_2z _cARTICULO |
||
| 999 |
_c19850 _d19850 |
||